Série - Quiz Grey's anatomy - Statistiques

Statistiques générales
  • Ce quiz a été pris 4 819 fois
  • Le résultat moyen est 11 sur 25
Statistiques - réponses
Questions Réponses % Correct
Qui est surnommé "Docteur mamour" ? Derek
97%
Qui est surnommé "Docteur glamour" ? Mark
86%
Qui est surnommé "le tyran" (VF) ou "le nazi" (VO) ? Miranda
85%
Qui est le premier chef de la chirurgie ? Richard
79%
Comment s'appelle la mère de Meredith ? Ellis
78%
Comment s'appelle la femme d'Owen et mentor de Cristina ? Teddy
64%
Quel est la spécialité de Callie ? Orthopédie
62%
Quel personnage est amputée d'une jambe ? Arizona
58%
Dans quel pays Owen a-t-il servi comme major ? Irak
52%
Dans quel pays part Cristina à la fin de la saison 10 ? Suisse
44%
Avec qui Alex a-t-il eu des jumeaux ? Izzie
41%
Qui meurt à la fin de la saison 5 ? George
39%
Comment s'appelle le chien de Meredith ? Doc
38%
Comment s'appelle la fille adoptive de Meredith ? Zola
38%
Quel est la spécialité de Meredith ? Chirurgie générale
33%
Qui est actuellement le chef du service de neurochirurgie ? Amélia
32%
Que se passe-t-il à la fin de la saison 8 ? Crash d'avion
29%
Quel est la spécialité de Catherine Avery ? Urologie
28%
Comment s'appelle la femme de Jackson et mère de sa fille ? April
27%
Quel est la spécialité de Maggie Pierce ? Cardiologie
26%
Quel est le nom de l'hôpital à partir de la saison 9 ? Grey Sloan Memorial Hospital
24%
Que se passe-t-il à la fin de la saison 6 ? Fusillade
23%
Quel est le nom de l'inconnue (introduit à la fin de la saison 3) ? Ava
22%
Comment s'appelle la sœur de Lexie et demie-soeur de Meredith ? Molly
21%
Qui est la première chirurgienne obstétrique ? Addison
17%
Aucun quiz correspondant
Distribution des résultats
% des personnes avec chaque résultat
Percentile par nombre de réponses
Votre historique - résultats
Vous n’avez pas pris ce quiz